| 000 | 00758nam a2200241 i 4500 | ||
|---|---|---|---|
| 001 | 10390 | ||
| 003 | ES-MaACL | ||
| 005 | 20230906145859.0 | ||
| 008 | 950530s1995 sp ||||1| spa d | ||
| 020 | _a84-8191-024-4 | ||
| 080 | _a86-92"19" | ||
| 100 | 1 |
_aGiménez Caballero, Ernesto, _d1899-1988 _957038 |
|
| 245 | 1 | 0 |
_aVisitas literarias de España (1925-1928) / _cErnesto Giménez Caballero ; edición y prólogo de Nigel Dennis. |
| 250 | _a1ª ed. | ||
| 260 |
_aValencia : _bPre-Textos, _c1995. |
||
| 300 |
_a379 p. ; _c19 cm. |
||
| 490 | 1 |
_aPre-textos ; _v206 |
|
| 504 | _aBibliografía : p. 61-76. | ||
| 700 | 1 |
_aDennis, Nigel. _943725 |
|
| 830 | 1 |
_aPre-textos ; _v206 _9178641 |
|
| 852 |
_aES-MaACL _jL-17933 |
||
| 999 |
_c10390 _d10390 |
||